Country Population Sort #2 - Statistics

General Stats
  • This quiz has been taken 25 times
  • The average score is 3 of 5
Answer Stats
Hint Answer % Correct
Most populated South Korea
72%
#2 Morocco
61%
#3 Peru
56%
#4 Cameroon
50%
Least populated Zambia
50%
No matching quizzes found
Score Distribution
Percent of People with Each Score
Percentile by Number Answered
Your Score History
You have not taken this quiz